Statistics for Biggest Trading Partners - Iran

Click here to take the quiz!

General Stats

  • This quiz has been taken 557 times
    (249 since last reset)
  • The average score is 14 of 19

Answer Stats

Country% Correct
$16.9 BChina
99%
$378 MRussia
96%
$10.2 BIndia
92%
$1.39 BTurkey
91%
$3.23 BJapan
88%
$417 MGermany
86%
$2.39 BFrance
85%
$7.22 BSouth Korea
83%
$3.48 BItaly
77%
$406 MIndonesia
77%
$1.59 BSpain
74%
$2.56 BBrazil
69%
$608 MNetherlands
64%
$749 MMalaysia
62%
$1.31 BGreece
55%
$700 MSingapore
54%
$553 MUkraine
51%
$530 MSwitzerland
49%
$472 MOman
48%

Score Distribution

Percentile by Number Answered

Percent of People with Each Score

Your Score History

You have not taken this quiz since the last reset